Deutsche "Dorfklubs" - Statistiken

Allgemein
  • Dieses Quiz wurde 126 mal gespielt
  • Das Durchschnittsergebnis liegt bei 5 aus 7
Antwortstatistiken
Bundesland Verein % Korrekt
Baden-Württemberg TSG 1899 Hoffenheim
92%
Saarland SV Elversberg
91%
Baden-Württemberg 1. FC Heidenheim
85%
Sachsen Erzgebirge Aue
59%
Bayern SpVgg Unterhaching
44%
Baden-Württemberg SV Sandhausen
44%
Nordrhein-Westfalen SC Verl
41%
Keine übereinstimmenden Quizze gefunden
Verteilung der Resultate
Anzahl Personen mit jedem Resultat
Perzentil nach korrekt beantworteten Fragen
Ihre Resultats-Entwicklung
Sie haben dieses Quiz noch nicht gespielt